banner

La facilitación neuromuscular propioceptiva en la práctica: (Registro nro. 515)

000 -LEADER
fixed length control field 01371nam a2200289 a 4500
003 - CONTROL NUMBER IDENTIFIER
control field AR-BaISA
005 - DATE AND TIME OF LATEST TRANSACTION
control field 20190326095436.0
007 - PHYSICAL DESCRIPTION FIXED FIELD--GENERAL INFORMATION
fixed length control field ta
008 - FIXED-LENGTH DATA ELEMENTS--GENERAL INFORMATION
fixed length control field 120403s2011 sp ado | |||| 000 0 spa d
020 ## - INTERNATIONAL STANDARD BOOK NUMBER
International Standard Book Number 9788498352368
040 ## - CATALOGING SOURCE
Transcribing agency AR-BaISA
082 04 - DEWEY DECIMAL CLASSIFICATION NUMBER
Edition number 22
Classification number 615.82 Ad59
100 10 - MAIN ENTRY--PERSONAL NAME
Personal name Adler, Susan S.
Dates associated with a name 1931-
9 (RLIN) 1274
Relator term aut.
245 13 - TITLE STATEMENT
Title La facilitación neuromuscular propioceptiva en la práctica:
Remainder of title guía ilustrada /
Statement of responsibility, etc. Susan S. Adler, Dominiek Beckers y Math Buck
250 ## - EDITION STATEMENT
Edition statement 3ª ed.
260 ## - PUBLICATION, DISTRIBUTION, ETC.
Place of publication, distribution, etc. Madrid:
Name of publisher, distributor, etc. Médica Panamericana,
Date of publication, distribution, etc. 2011
300 ## - PHYSICAL DESCRIPTION
Extent XII, 299 p.:
Other physical details il., graf. fot.;
Dimensions 24 cm.
336 ## - CONTENT TYPE
Content type term Texto (visual)
Source isbdcontent
337 ## - MEDIA TYPE
Media type term sin mediación
Source isbdmedia
500 ## - GENERAL NOTE
General note Incluye 564 ilustraciones
504 ## - BIBLIOGRAPHY, ETC. NOTE
Bibliography, etc. note Bibliografía al final de cada capítulo
505 ## - FORMATTED CONTENTS NOTE
Title Introducción a la facilitación neuromuscular propioceptiva --
-- Procedimientos básicos para la facilitación --
-- Técnicas --
-- El tratamiento del paciente --
-- Patrones de facilitación --
-- La escápula y la pelvis --
-- El miembro superior --
-- El miembro inferior --
-- El cuello --
-- El tronco --
-- Actividades en la colchoneta --
-- Entrenamiento de la marcha --
-- Funciones vitales --
-- Actividades de la vida diaria
650 14 - SUBJECT ADDED ENTRY--TOPICAL TERM
Topical term or geographic name entry element Fisioterapia
9 (RLIN) 1206
700 1# - ADDED ENTRY--PERSONAL NAME
Personal name Beckers, Dominiek
Dates associated with a name 1952-
9 (RLIN) 1275
Relator term aut.
700 1# - ADDED ENTRY--PERSONAL NAME
Personal name Buck, Math
Dates associated with a name 1948-
9 (RLIN) 1276
Relator term aut.
942 ## - ADDED ENTRY ELEMENTS (KOHA)
Source of classification or shelving scheme
Koha item type Libros
Existencias
Withdrawn status Lost status Source of classification or shelving scheme Damaged status Not for loan Permanent Location Current Location Date acquired Inventory number Total Checkouts Total Renewals Full call number Barcode Date last seen Date last checked out Copy number Price effective from Koha item type Checked out
          Biblioteca ISALUD. Dr. Néstor Rodríguez Campoamor Biblioteca ISALUD. Dr. Néstor Rodríguez Campoamor 2019-03-26 3806 12 9 615.82 Ad59 3806 2026-03-26 2026-03-19 ej. 1 2019-03-26 Libros  
          Biblioteca ISALUD. Dr. Néstor Rodríguez Campoamor Biblioteca ISALUD. Dr. Néstor Rodríguez Campoamor 2019-03-26 3807 7 16 615.82 Ad59 3807 2026-03-26 2026-03-19 ej. 2 2019-03-26 Libros  
        No disponible Biblioteca ISALUD. Dr. Néstor Rodríguez Campoamor Biblioteca ISALUD. Dr. Néstor Rodríguez Campoamor 2019-03-26 3808     615.82 Ad59 3808 2019-03-26     2019-03-26 Libros  
          Biblioteca ISALUD. Dr. Néstor Rodríguez Campoamor Biblioteca ISALUD. Dr. Néstor Rodríguez Campoamor 2019-11-20 4151 15 23 615.82 Ad59 4151 2026-03-25 2026-03-25   2019-11-20 Libros 2026-04-01
          Biblioteca ISALUD. Dr. Néstor Rodríguez Campoamor Biblioteca ISALUD. Dr. Néstor Rodríguez Campoamor 2019-11-20 4152 10 18 615.82 Ad59 4152 2026-03-26 2026-03-19   2019-11-20 Libros  
          Biblioteca ISALUD. Dr. Néstor Rodríguez Campoamor Biblioteca ISALUD. Dr. Néstor Rodríguez Campoamor 2024-08-19 4150 6 4 615.82 Ad59 4150 2025-08-20 2025-08-20 ej. 3 2024-08-19 Libros 2025-08-27